Nana Phadanavis (Record no. 87749)

MARC details
000 -LEADER
fixed length control field 00602nam a2200217 4500
001 - CONTROL NUMBER
control field sa 68017491
003 - CONTROL NUMBER IDENTIFIER
control field DLC
005 - DATE AND TIME OF LATEST TRANSACTION
control field 20260227112703.0
008 - FIXED-LENGTH DATA ELEMENTS--GENERAL INFORMATION
fixed length control field 710301s1968 ii b b 00010beng
010 ## - LIBRARY OF CONGRESS CONTROL NUMBER
LC control number sa 68017491
025 ## - OVERSEAS ACQUISITION NUMBER
Overseas acquisition number PL480:I-E-11106
050 0# - LIBRARY OF CONGRESS CALL NUMBER
Classification number DS470.N3
Item number D38
100 10 - MAIN ENTRY--PERSONAL NAME
Personal name Deodhar, Y. N.
245 1# - TITLE STATEMENT
Title Nana Phadanavis
Statement of responsibility, etc. [by] Y. N. Deodhar.
260 0# - PUBLICATION, DISTRIBUTION, ETC.
Place of publication, distribution, etc. New Delhi,
Name of publisher, distributor, etc. National Book Trust India
Date of publication, distribution, etc. [1968]
300 ## - PHYSICAL DESCRIPTION
Extent iv, 88 p.
Other physical details map.
Dimensions 18 cm.
350 ## - PRICE (NR) (BK AM CF MU VM SE) [OBSOLETE]
Price 1.75
490 0# - SERIES STATEMENT
Series statement National biography series
504 ## - BIBLIOGRAPHY, ETC. NOTE
Bibliography, etc. note Bibliography: p. [87]-88.
600 00 - SUBJECT ADDED ENTRY--PERSONAL NAME
Personal name Nana Phadnis,
Dates associated with a name 1742-1800.

No items available.

Powered by Koha